header

Green syndicalism (Record no. 31050)

MARC details
000 -LEADER
fixed length control field 01267nam a2200337Ia 4500
082 04 - DEWEY DECIMAL CLASSIFICATION NUMBER
Classification number 304.2
100 1# - MAIN ENTRY--AUTHOR NAME
Personal name Shantz, Jeff.
245 10 - TITLE STATEMENT
Title Green syndicalism
260 ## - PUBLICATION, DISTRIBUTION, ETC. (IMPRINT)
Place of publication Syracuse, NY :
Name of publisher Syracuse University Press,
Year of publication c2012.
300 ## - PHYSICAL DESCRIPTION
Number of Pages lviii, 214 p.
650 #0 - SUBJECT ADDED ENTRY--TOPICAL TERM
Topical Term Ecology
Topical Term Radicalism.
Topical Term Green movement
856 40 - ELECTRONIC LOCATION AND ACCESS
Uniform Resource Identifier http://site.ebrary.com/lib/rucke/Doc?id=10645496

No items available.

© 2026 Rongo University
Contact us: librarian | system librarian | Rongo university